000
00290nam a22001217a 4500
008
160511b xxu||||| |||| 00| 0 eng d
020
_a
9781416042969
020
_a
1416042962
041
_a
eng
080
_a
61
245
_a
Clinics in sportas medicine:
_c
Leslie Bonci MPH;
942
_2
udc
_c
BK
999
_c
2045
_d
2045